000 01696cam a22004934i 4500
003 PE-LiUPU
005 20250731172942.0
008 150623s r 000 0 d
020 _a9652238643
035 _a(Sirsi) i9789652238641
040 _aPE-LiUPU
_bspa
_cPE-LiUPU
_erda
049 _aPRUA
082 0 4 _a232.2
_bA92
_221
100 1 _aAvishur, Yitzhak,
_eautor.
245 1 0 _aStudies in Hebrew and Ugaritic Psalms /
_cYitzhak Avishur.
264 1 _aJerusalem :
_bThe Magnes Press, The Hebrew University,
_c1994.
300 _a388 páginas ;
_c23 cm.
336 _atext
_2rdacontent
337 _aunmediated
_2rdamedia
338 _avolume
_2rdacarrier
504 _aIncluye Bibliografía.
505 0 _aHebrew Psalms with affinities to Ugaritic literature. -Ugaritic Psalms and prayers.
526 _aSEG42
526 _aSEG41
526 _aSEG40
526 _aSEG39
526 _aP94
526 _aP87
526 _aP86
526 _aP85
526 _aP77
526 _aP76
526 _aP35
630 _aBiblia.
_pA.T.
_pSalmo XXIX
_xComentarios.
630 _aBiblia.
_pA.T.
_pHabacuc III
_xComentarios.
650 0 4 _aPoesía ugarítica
_xHistoria y crítica.
650 0 4 _aLiteratura ugarítica
_xRelación con el Antiguo Testamento.
942 _2ddc
_cBOOK
949 _a232.2 A92
_wDEWEY
_c1
_i44646
_lCCODEBUL1
_mBUL
_r0
_sY
_tBOOK
_u2015-6-24
_xTEOLOGIA
_PP35
_0COMPRA
_o.STAFF. Colección General
994 _aC0
_bPEPRU
596 _a1
999 _a232.2 A92
_wDEWEY
_c21505
_i44646
_d21505
_f2021-11-10
_g5
_lCCODEBUL1
_mBUL
_q1
_r0
_sY
_tBOOK
_u2015-6-24
_xTEOLOGIA
_PP35
_0COMPRA
_o.STAFF. Colección General
980 _81
_gALBERTO SANCHEZ Responsable de Automatización